Liedtext-Füllkrug-Aditotro x Paulomuc - Statistiken

Allgemein
  • Dieses Quiz wurde 151 mal gespielt
  • Das Durchschnittsergebnis liegt bei 211 aus 340
Antwortstatistiken
Antwort % Korrekt
Füllkrug
98%
Wir
97%
Bier
96%
mit
96%
Mit
96%
Europa
94%
König
94%
von
94%
Von
94%
Wer
94%
werden
93%
Werden
93%
so
87%
So
87%
der
86%
Der
86%
schön
84%
Schön
84%
Und
84%
und
84%
wie
84%
Wie
84%
schon
83%
Schon
83%
wird
81%
Wird
81%
nie
80%
Nie
80%
Sommer
79%
Den
78%
Ich
66%
Ne
62%
Für
59%
die
58%
Die
58%
hab
58%
Hab
58%
mal
58%
Mal
58%
la
55%
La
55%
Ist
54%
Song
54%
es
53%
Es
53%
Fußball
52%
man
50%
Deutschland
49%
das
48%
Pocher
48%
er
46%
Nicht
46%
Oli
46%
frag
45%
macht
45%
Scha
45%
Schweiz
44%
Bin
43%
Hängende
43%
Spitze
43%
Wieder
42%
Dann
41%
Unser
41%
Wenn
41%
Zu
41%
doch
40%
Doch
40%
nen
40%
Österreich
40%
Auf
39%
Einen
39%
EM-Song
39%
irgend
39%
Major
39%
Tom
39%
was
39%
Was
39%
keinen
38%
Viel
38%
getan
37%
Jeder
37%
Party
37%
Plan
37%
Läuft
36%
Guten
35%
Verkackt
35%
Pokal
33%
Zahl
32%
Alles
31%
Geschissen
31%
Getrunken
31%
Kriegt
31%
Nach
31%
sagt
31%
Smarties
30%
Bunt
29%
Sechser
28%
Stürmer
28%
Trikots
28%
Zehner
28%
Zieh
28%
Irgendwas
27%
goldenen
26%
ner
26%
Ner
26%
Star
26%
Strophe
25%
aus
24%
beende
24%
Braucht
24%
nem
24%
Drei
23%
Im
23%
Wichtigste
22%
Erfolgen
21%
Kaltgetränk
21%
Einmal
20%
Erzähl
20%
Klar
20%
Ole
20%
Pfosten
20%
vergangenen
20%
Europameisterschaft
19%
Takt
19%
Fahnen
18%
Treffen
18%
Bei
17%
Latten
17%
Manche
17%
Völlig
17%
Als
16%
Mehr
16%
Soll
15%
Groß
14%
Passieren
14%
Abstauber
13%
Guckt
13%
Schweizerland
13%
Tunnel
13%
Videoschiri
13%
Schwalben
10%
Vogelnest
9%
hatˋs
0%
Jahrˋn
0%
Putzfirmˋn
0%
Keine übereinstimmenden Quizze gefunden
Verteilung der Resultate
Anzahl Personen mit jedem Resultat
Perzentil nach korrekt beantworteten Fragen
Ihre Resultats-Entwicklung
Sie haben dieses Quiz noch nicht gespielt